|
|
|
|
| LEADER |
00754pam a22002298a 4500 |
| 001 |
00021794 |
| 005 |
20171026081022.0 |
| 008 |
110526s1981 ||||||Viesd |
| 041 |
0 |
# |
|a Vie
|
| 082 |
1 |
4 |
|a 891.73
|b Q501T
|
| 245 |
0 |
0 |
|a Quả táo đỏ
|b Tập truyện ngắn Liên Xô
|
| 260 |
# |
# |
|a H.
|b Phụ Nữ
|c 1981
|
| 300 |
# |
# |
|a 138 tr.
|c 19 cm.
|
| 500 |
# |
# |
|a Nhiều tác giả
|
| 650 |
# |
4 |
|a Liên Xô
|
| 650 |
# |
4 |
|a Văn học hiện đại
|
| 653 |
# |
# |
|a Truyện ngắn
|
| 852 |
# |
# |
|b Kho mượn
|j KM.0009988, KM.0009989
|
| 852 |
# |
# |
|b Kho đọc
|j KD.0006575
|
| 852 |
# |
# |
|j KD.0006575
|j KM.0009988
|j KM.0009989
|
| 910 |
0 |
# |
|a kìm
|d 26/05/2011
|
| 980 |
# |
# |
|a Trung tâm Học liệu Lê Vũ Hùng, Trường Đại học Đồng Tháp
|